| 000 | 01205cam a2200265K 4500 | ||
|---|---|---|---|
| 001 | teachingguidefor01kerr | ||
| 003 | CaSfIA | ||
| 005 | 20210119101551.0 | ||
| 007 | cr|||| | ||
| 008 | 780630s1967 nyu j 000 0 eng d | ||
| 040 |
_aOCO _cOCO _dOCL _dCaSfIA |
||
| 035 | _a(OCoLC)4020806 | ||
| 092 |
_a425 _bP31 |
||
| 245 | 0 | 0 |
_aPatterns in English, _h[electronic resource] _cby Ellen T. Kerrigan [and others] |
| 260 |
_aNew York, _bSadlier _c[1967-68] |
||
| 300 |
_a2v. _billus. _c22cm. |
||
| 505 | 0 | _a[Book] 1 [Grade 7].- [Book] 2 [Grade 8] | |
| 650 | 0 |
_aEnglish language _xGrammar. |
|
| 700 | 1 | _aKerrigan, Ellen T. | |
| 856 | 4 | 1 |
_uhttp://www.archive.org/details/teachingguidefor01kerr _zFree eBook from the Internet Archive _3Volume 1 |
| 856 | 4 | 2 |
_uhttp://www.openlibrary.org/books/OL24221382M _zAdditional information and access via Open Library _3Volume 1 |
| 942 | _cEB | ||
| 506 | _fНеобхідна авторизація на https://archive.org/ (створення облікового запису безкоштовно) | ||
| 506 | _fНеобхідна авторизація на https://openlibrary.org/ (створення облікового запису безкоштовно) | ||
| 999 |
_c555463 _d555463 |
||